|
|
|
|
| LEADER |
01768nam a2200445 a 4500 |
| 001 |
EBC1215631 |
| 003 |
MiAaPQ |
| 005 |
20200520144314.0 |
| 006 |
m o d | |
| 007 |
cr cn||||||||| |
| 008 |
130704s2013 enka sb 001 0 eng d |
| 020 |
|
|
|z 9780415821414
|
| 020 |
|
|
|z 9780415821421
|
| 020 |
|
|
|a 9780203630174 (electronic bk.)
|
| 035 |
|
|
|a (MiAaPQ)EBC1215631
|
| 035 |
|
|
|a (Au-PeEL)EBL1215631
|
| 035 |
|
|
|a (CaPaEBR)ebr10720664
|
| 035 |
|
|
|a (CaONFJC)MIL498578
|
| 035 |
|
|
|a (OCoLC)849936267
|
| 040 |
|
|
|a MiAaPQ
|c MiAaPQ
|d MiAaPQ
|
| 043 |
|
|
|a a-cc---
|a n-us---
|
| 050 |
|
4 |
|a HD38.7
|b .H363 2013
|
| 082 |
0 |
4 |
|a 338.6
|2 23
|
| 100 |
1 |
|
|a Hannas, Wm. C.,
|d 1946-
|
| 245 |
1 |
0 |
|a Chinese industrial espionage
|h [electronic resource]
|b technology acquisition and military modernisation /
|c William C. Hannas, James Mulvenon, and Anna B. Puglisi.
|
| 260 |
|
|
|a London ;
|a New York :
|b Routledge,
|c c2013.
|
| 300 |
|
|
|a 1 online resource (xvi, 296 p.) :
|b ill.
|
| 440 |
|
0 |
|a Asian security studies
|
| 504 |
|
|
|a Includes bibliographical references and index.
|
| 533 |
|
|
|a Electronic reproduction. Ann Arbor, MI : ProQuest, 2015. Available via World Wide Web. Access may be limited to ProQuest affiliated libraries.
|
| 588 |
|
|
|a Description based on online resource; title from title page (ebrary, viewed July 04, 2013).
|
| 650 |
|
0 |
|a Business intelligence
|z China.
|
| 650 |
|
0 |
|a Business intelligence
|z United States.
|
| 650 |
|
0 |
|a Technology transfer
|z China.
|
| 650 |
|
0 |
|a Technology transfer
|z United States.
|
| 655 |
|
4 |
|a Electronic books.
|
| 700 |
1 |
|
|a Puglisi, Anna B.
|
| 700 |
1 |
|
|a Mulvenon, James C.,
|d 1970-
|
| 710 |
2 |
|
|a ProQuest (Firm)
|
| 856 |
4 |
0 |
|u https://ebookcentral.proquest.com/lib/matrademy/detail.action?docID=1215631
|z Click to View
|